Statistics for South American Countries

Click here to take the quiz!

General Stats

  • This quiz has been taken 33 times
  • The average score is 11 of 12

Answer Stats

Country% Correct
Argentina
100%
Chile
100%
Peru
100%
Brazil
96%
Colombia
96%
Guyana
96%
Paraguay
96%
Venezuela
96%
Bolivia
91%
Suriname
91%
Uruguay
91%
Ecuador
87%

Score Distribution

Percentile by Number Answered

Percent of People with Each Score

Your Score History

You have not taken this quiz